| 000 | 00466nam a22001337a 4500 | ||
|---|---|---|---|
| 040 | _cNUST | ||
| 082 | _a200 THE | ||
| 100 |
_aShayaan Saghir _984231 |
||
| 110 |
_aSupervisor Dr. Muhammad Mubasher Saleem _984232 |
||
| 245 | _aTH-SOF-1851-Design of a Dual-Axis Capacitive MEMS Accelerometer for Low Cross-Axis Sensitivity and Low Noise using SOIMUMPs Process | ||
| 260 |
_aISLAMABAD: _bNUST COLLEGE OF EME, _c2021. |
||
| 650 |
_aMS-MTS-18 _984233 |
||
| 942 |
_2ddc _cTHE |
||
| 999 |
_c586780 _d586780 |
||